| 000 | 00631nam a22001937a 4500 | ||
|---|---|---|---|
| 003 | OSt | ||
| 005 | 20230928103433.0 | ||
| 008 | 230928b |||||||| |||| 00| 0 eng d | ||
| 040 | _cLadoV | ||
| 082 |
_a731.42 _bC348o |
||
| 100 |
_aCastellanos, Mariadolores _eautor _91120 |
||
| 245 | _aEl Objeto del Deseo/ | ||
| 260 |
_c2000 _aGalería de Arte de las Américas _bGuatemala |
||
| 300 |
_a10p. _c14x15cm |
||
| 650 |
_2Tesauro de Arte & Arquitectura _aARTE |
||
| 650 |
_2Tesauro de Arte & Arquitectura _aESCULTURA _9703 |
||
| 650 |
_2Tesauro de Arte & Arquitectura _aRESINA |
||
| 942 |
_2ddc _c1 _h731.42 _iC348o _n0 |
||
| 999 |
_c4416 _d4416 |
||